zpět

Detail výsledku týmu

U Pošty - Vinohrady ČT, Praha

Datum a čas kvízu

21 Celkem bodů Celkový počet nahraných bodů na tomto kvízu bez doplňovacích otázek.
9. Pořadí na kvízu Konečné umístění týmu na tomto kvízu.

Zaznamenané odpovědi

# Otázka Odpověď Body Výsledky
1. Minulý týden navštívil Českou... Mike Pompeo 1
2. Prezident jednoho z afrických... Namibie 0
3. Společnost Disney přejmenovala... 20th Century Fox (Television) 1
4. Jak se jmenuje meteorický roj,... Perseidy 1
5. Na mítinku Diamantové ligy v M... Joshua Cheptegei 0
6. Nedávno jsme se zabývali různý... Břetislav I. a Jitka (Gutta ze Schweinfurtu) 0
7. Dne 24. července roku 1177 uza... Fridrich I. Barbarossa (Rudovous) 1
8. Dalším špičatým letopočtem v n... Vladislav Jagellonský 0
9. Dostáváme se do novověku, konk... Anna Stuartovna 0
10. Rok 1714 se stal jedním z důle... Gabriel Fahrenheit 1